Diffusions, Markov processes, and martingales /
Guardado en:
| Autor Principal: | |
|---|---|
| Otros Autores: | |
| Formato: | Libro |
| Idioma: | English |
| Publicado: |
Chichester :
Wiley,
c1979-c1987.
|
| Series: | Wiley series in probability and mathematical statistics
|
| Materias: | |
| Etiquetas: |
Agregar Etiqueta
Sin Etiquetas, Sea el primero en etiquetar este registro!
|
| LEADER | 01157cam a2200325 a 4500 | ||
|---|---|---|---|
| 001 | MAT.inmabb003945 | ||
| 008 | 780606m19791987enk######b####001#0#eng## | ||
| 005 | 20130312105123.0 | ||
| 245 | 1 | 0 | |a Diffusions, Markov processes, and martingales / |c David Williams. |
| 260 | |a Chichester : |b Wiley, |c c1979-c1987. | ||
| 300 | |a 2 v. ; |c 24 cm. | ||
| 490 | 0 | |a Wiley series in probability and mathematical statistics | |
| 500 | |a Autores del vol. 2: L. C. G. Rogers and David Williams. | ||
| 504 | |a Incluye referencias bibliográficas e índices. | ||
| 505 | 0 | |a v. 1. Foundations -- v. 2. Itô calculus. | |
| 510 | 4 | |a MR, |c 80i:60100 |3 (v. 1) | |
| 510 | 4 | |a MR, |c 89k:60117 |3 (v. 2) | |
| 020 | |a 0471997056 (v. 1) | ||
| 020 | |a 0471914827 (v. 2) | ||
| 100 | 1 | |a Williams, D. |q (David), |d 1938- | |
| 700 | 1 | |a Rogers, L. C. G. | |
| 650 | 0 | |a Markov processes. | |
| 650 | 0 | |a Diffusion processes. | |
| 650 | 0 | |a Martingales (Mathematics) | |
| 084 | |a 60J25 |2 MR | ||
| 084 | |a 60J60 (60G07 60H05 60J25) |2 MR | ||
| 010 | |a 78016634 | ||
| 040 | |a DLC |c DLC |d DLC | ||
| 859 | |h 60 |i W721 |p A-4944 |v 1 |3 Vol. 1 |b BIB. MATEMATICA | ||
| 859 | |h 60 |i W721 |p A-6434 |v 2 |3 Vol. 2 |b BIB. MATEMATICA | ||
